|
|
|
|
| LEADER |
00772cam a2200205 7i4500 |
| 001 |
0000054032 |
| 005 |
20230330090000.0 |
| 020 |
|
|
|a 9783662548172 (electronic book)
|
| 090 |
0 |
0 |
|a KJE5105
|b .W34 2017
|
| 100 |
1 |
|
|a Waele, Henri de
|
| 245 |
1 |
0 |
|a Legal dynamics of EU external relations :
|b dissecting a layered global playercHenri de Waele.
|
| 250 |
|
|
|a Second edition.
|
| 300 |
|
|
|a 1 online resource (xvi, 199 pages):
|b text file, PDF.
|
| 336 |
|
|
|a text
|2 rdacontent
|
| 337 |
|
|
|a computer
|2 rdamedia
|
| 338 |
|
|
|a online resource
|2 rdacarrier
|
| 651 |
|
0 |
|a European Union countries --
|x Foreign relations --
|x Law and legislation
|
| 655 |
|
0 |
|a Electronic books
|
| 856 |
4 |
2 |
|u http://library.unisel.edu.my/web/guest/mylibrary
|
| 999 |
|
|
|a EBO0000431
|b EBOOK
|c EBOOK
|e Electronic resources
|